|
|
|
|
| LEADER |
01929nam a2200457 i 4500 |
| 001 |
EBC1819246 |
| 003 |
MiAaPQ |
| 005 |
20200520144314.0 |
| 006 |
m o d | |
| 007 |
cr cnu|||||||| |
| 008 |
141027t20132013enka ob 001 0 eng d |
| 020 |
|
|
|z 9781443846226
|
| 020 |
|
|
|a 9781443870061
|q (electronic bk.)
|
| 035 |
|
|
|a (MiAaPQ)EBC1819246
|
| 035 |
|
|
|a (Au-PeEL)EBL1819246
|
| 035 |
|
|
|a (CaPaEBR)ebr10955534
|
| 035 |
|
|
|a (CaONFJC)MIL652929
|
| 035 |
|
|
|a (OCoLC)893739815
|
| 040 |
|
|
|a MiAaPQ
|b eng
|e rda
|e pn
|c MiAaPQ
|d MiAaPQ
|
| 043 |
|
|
|a e-uk-en
|
| 050 |
|
4 |
|a HC110.I5
|b .O354 2013
|
| 082 |
0 |
|
|a 339.20973
|2 23
|
| 100 |
1 |
|
|a Odih, Pamela,
|e author.
|
| 245 |
1 |
0 |
|a Visual media and culture of 'occupy' /
|c by Pamela Odih.
|
| 264 |
|
1 |
|a Newcastle upon Tyne, England :
|b Cambridge Scholars Publishing,
|c 2013.
|
| 264 |
|
4 |
|c 2013
|
| 300 |
|
|
|a 1 online resource (366 pages) :
|b illustrations
|
| 336 |
|
|
|a text
|2 rdacontent
|
| 337 |
|
|
|a computer
|2 rdamedia
|
| 338 |
|
|
|a online resource
|2 rdacarrier
|
| 504 |
|
|
|a Includes bibliographical references and index.
|
| 588 |
|
|
|a Description based on online resource; title from PDF title page (ebary, viewed October 27, 2014).
|
| 590 |
|
|
|a Electronic reproduction. Ann Arbor, MI : ProQuest, 2015. Available via World Wide Web. Access may be limited to ProQuest affiliated libraries.
|
| 650 |
|
0 |
|a Occupy movement.
|
| 650 |
|
0 |
|a Occupy movement
|x Press coverage
|z England
|z London.
|
| 650 |
|
0 |
|a Protest movements
|x Press coverage
|z England
|z London.
|
| 650 |
|
0 |
|a Public opinion
|x Press coverage
|z England
|z London.
|
| 655 |
|
4 |
|a Electronic books.
|
| 776 |
0 |
8 |
|i Print version:
|a Odih, Pamela.
|t Visual media and culture of 'occupy'.
|d Newcastle upon Tyne, England : Cambridge Scholars Publishing, c2013
|h xxxii, 334 pages
|z 9781443846226
|
| 797 |
2 |
|
|a ProQuest (Firm)
|
| 856 |
4 |
0 |
|u https://ebookcentral.proquest.com/lib/matrademy/detail.action?docID=1819246
|z Click to View
|